Statistics for Most Famous Ancient Egyptian Pharoahs

Click here to take the quiz!

General Stats

  • This quiz has been taken 656 times
  • The average score is 5 of 15

Answer Stats

HintAnswer% Correct
the best known child pharoahTut
97%
known best for love affair with Marc AntonyCleopatra
94%
often called __________ the greatRamses
77%
the bust of ______Nefertiti
65%
First Woman PharaohHatshepsut
47%
First pharoah, often called the Scorpion KingNarmer
26%
Often called the first pharoahMenes
20%
son of Caesar and the second figure mentionedCaesarion
16%
Father of TutAkhenaton
10%
Mother of TutKiya
5%
Brother of CleopatraPtolomy
4%
Successor of TutAiye
3%
Notorious sister of CleopatraArisnoe
1%
father grandfather of the son of CaesarAulutes Ptolomy
1%
Successor of the Successor of TutHorhemheb
1%

Score Distribution

Percentile by Number Answered

Percent of People with Each Score

Your Score History

You have not taken this quiz